A short history of Western civilization / (Record no. 16198)
[ view plain ]
| 000 -LEADER | |
|---|---|
| fixed length control field | 00573cam a2200205 a 4500 |
| 020 ## - INTERNATIONAL STANDARD BOOK NUMBER | |
| ISBN | 0394339665 (set) : |
| 020 ## - INTERNATIONAL STANDARD BOOK NUMBER | |
| ISBN | 039434278X (pbk. : v. 1) : |
| 020 ## - INTERNATIONAL STANDARD BOOK NUMBER | |
| ISBN | 0394342798 (pbk. : v. 2) : |
| 040 ## - CATALOGING SOURCE | |
| Transcribing agency | DLC |
| 082 00 - DEWEY DECIMAL CLASSIFICATION NUMBER | |
| Classification number | 909 KNO 1985 A104 Or. |
| 100 1# - MAIN ENTRY--AUTHOR NAME | |
| Personal name | Harrison, John B. |
| 245 12 - TITLE STATEMENT | |
| Title | A short history of Western civilization / |
| 250 ## - EDITION STATEMENT | |
| Edition statement | 6th ed. |
| 260 ## - PUBLICATION, DISTRIBUTION, ETC. (IMPRINT) | |
| Place of publication | New York : |
| Name of publisher | Knopf, |
| Year of publication | c1985. |
| 300 ## - PHYSICAL DESCRIPTION | |
| Number of Pages | xv, 768, xxxvii p. : |
| Other physical details | ill. ; |
| Dimensions | 24 cm. |
| 650 #0 - SUBJECT ADDED ENTRY--TOPICAL TERM | |
| Topical Term | Civilization, Western |
| 700 1# - ADDED ENTRY--PERSONAL NAME | |
| Personal name | Sullivan, Richard E. |
| 700 1# - ADDED ENTRY--PERSONAL NAME | |
| Personal name | Sherman, Dennis. |
| 942 ## - ADDED ENTRY ELEMENTS (KOHA) | |
| Koha item type | សៀវភៅភាសាអង់គ្លេស |
| 952 ## - LOCATION AND ITEM INFORMATION (KOHA) | |
| Withdrawn status [LOCAL, KOHA] | 0 |
| Permanent Location | Date acquired | Koha item type | Lost status | Shelving location | Barcode | Current Location | Full call number |
|---|---|---|---|---|---|---|---|
| Library Block A | 2018-01-23 | សៀវភៅភាសាអង់គ្លេស | A104 | A24184 | Library Block A | 909 KNO 1985 A104 Or. |